A bukaresti sajtó berkeiben

Elmentve itt :
Bibliográfiai részletek
Szerző: SZÁSZ János
Adatforrás:Meister
Forrásdokumentuma:Korunk. -
7 sz., 1992, 59-63 p.
Nyelv:magyar
Kulcsszavak:sajtótörténet
oral-history
sajtó
Bukarest
Romániai Magyar Szó
Adevarul
Romania Libera
Cotidianul
Academia Caavencu
Romania Mare
Gazeta Literara
Contemporanul
LEADER 00641nab a2200253 i 4500
001 bibPRO00002198
008 060524s1992 xx hun
040 |a Sz1 
041 |a hun 
100 1 |a SZÁSZ János 
245 1 2 |a A bukaresti sajtó berkeiben  |c SZÁSZ János 
695 |a sajtótörténet 
695 |a oral-history 
695 |a sajtó 
695 |a Bukarest 
695 |a Romániai Magyar Szó 
695 |a Adevarul 
695 |a Romania Libera 
695 |a Cotidianul 
695 |a Academia Caavencu 
695 |a Romania Mare 
695 |a Gazeta Literara 
695 |a Contemporanul 
773 0 |t Korunk. -  |g 7 sz., 1992, 59-63 p.